Beabadoobee - Ever Seen - Statistics

General Stats
  • This quiz has been taken 47 times
  • The average score is 172 of 230
Answer Stats
Answer % Correct
ever
97%
eyes
97%
He
97%
he
97%
I
97%
I've
97%
prettiest
97%
Prettiest
97%
see
97%
seen
97%
the
97%
The
97%
a
90%
has
90%
you
86%
Can't
83%
can't
83%
had
79%
Said
79%
and
76%
And
76%
do
76%
high
76%
been
72%
it
72%
me
72%
that
72%
time
72%
to
72%
when
72%
Don't
69%
he'd
69%
just
69%
mistakes
69%
same
69%
some
69%
Spent
69%
spent
69%
too
69%
waiting
69%
all
66%
face
66%
for
66%
highest
66%
lie,
66%
making
66%
think
66%
through
66%
with
66%
breath
62%
going
62%
not
62%
of
62%
parts
62%
this
62%
want
62%
but
59%
it's
59%
It's
59%
much
59%
risk
59%
your
59%
better
55%
Every
55%
help
55%
holds
55%
I'm
55%
made
55%
many
55%
notice
55%
piece
55%
show
55%
Swear
55%
times
55%
'Cause
52%
could
52%
feels
52%
get
52%
My
52%
my
52%
rough,
52%
comedown
48%
know
48%
purpose
48%
Wasting
48%
Wish
48%
up
45%
up,
45%
felt
41%
mind's
41%
worse
41%
in
38%
Wound
38%
back
31%
myself
31%
dwelling
28%
I'll
28%
pull
28%
No matching quizzes found
Score Distribution
Percent of People with Each Score
Percentile by Number Answered
Your Score History
You have not taken this quiz